000 00503nam a2200205 a 4500
001 2807692
005 20171227034207.0
008 830503s1983 ohua 001 0 eng
010 _a 82080577
020 _a0675200016
040 _aDLC
_cDLC
_dDLC
041 _aeng
080 _a512.9
082 0 0 _a512.9 WOO
_219
100 1 _a36
101 _aMAT
245 1 0 _aIntroductory and intermediate algebra /
_cJ.P. Wood.
906 _a7
_bcbc
_corignew
_d2
_eopcn
_f19
_gy-gencatlg
942 _2ddc
_cBK
999 _c39442
_d39442